00733nam a2200181 a 450000100100000000500170001000800410002704000250006810000280009324500550012126000710017630000220024749000630026950400270033283000700035995201050042999900170053400003829320201002031222.0130408s1996 dr 000 0 spa d aDO-SdBNPbspacBNPHU1 aPiña, Nelly C.95043713aLa recolección de los datos /cNelly C. Piña,. a[Santo Domingo] :bOrganización panamericana de la salud,c1996. a89 p. : ;c29 cm.1 aIntroducción a la metodología de la investigaciónv3 aBibliografía : p. 89 0aIntroducción a la metodología de la investigaciónv3950438 0010718PDaPDbPDcHDd2013-04-08iLF1l0o p38293-10r2020-06-25w2020-06-25yLFPDZNo se presta c37783d37783